L'Autorité Des Circulaires Adminstratives En Droit Pénal / (Record no. 47470)
[ view plain ]
| 000 -LEADER | |
|---|---|
| fixed length control field | 01134nam a2200325 i 4500 |
| 003 - CONTROL NUMBER IDENTIFIER | |
| control field | EG-GICUC |
| 005 - DATE AND TIME OF LATEST TRANSACTION | |
| control field | 20260121101408.0 |
| 008 - FIXED-LENGTH DATA ELEMENTS--GENERAL INFORMATION | |
| fixed length control field | 251130s1967 fr ||||fr|||| 00| 0 fre d |
| 040 ## - CATALOGING SOURCE | |
| Original cataloging agency | EG-GiCUC |
| Language of cataloging | fre |
| Transcribing agency | EG-GiCUC |
| Modifying agency | EG-GiCUC |
| Description conventions | rda |
| 041 0# - LANGUAGE CODE | |
| Language code of text/sound track or separate title | fre |
| 082 04 - DEWEY DECIMAL CLASSIFICATION NUMBER | |
| Edition number | 21 |
| Classification number | 343.1 |
| Item number | BR . A |
| 092 04 - LOCALLY ASSIGNED DEWEY CALL NUMBER (OCLC) | |
| Edition number | 21 |
| 099 ## - LOCAL FREE-TEXT CALL NUMBER (OCLC) | |
| Classification number | Law1 10 343.1 BR . A 1967 |
| 100 1# - MAIN ENTRY--PERSONAL NAME | |
| Personal name | Braudo, Serge |
| Relator term | Auteur |
| 245 12 - TITLE STATEMENT | |
| Title | L'Autorité Des Circulaires Adminstratives En Droit Pénal / |
| Statement of responsibility, etc. | Par Serge Braudo ; Préface de Robert Vouin. |
| 264 #3 - PRODUCTION, PUBLICATION, DISTRIBUTION, MANUFACTURE, AND COPYRIGHT NOTICE | |
| Place of production, publication, distribution, manufacture | Paris : |
| Name of producer, publisher, distributor, manufacturer | PRESSES UNIVERSITAIRES DE FRANCE , |
| Date of production, publication, distribution, manufacture, or copyright notice | 1967. |
| 300 ## - PHYSICAL DESCRIPTION | |
| Extent | 87 pages ; |
| Dimensions | 24 cm. |
| 336 ## - CONTENT TYPE | |
| Source | rda content |
| Content type term | text |
| 337 ## - MEDIA TYPE | |
| Source | rda media |
| Media type term | Computer |
| 338 ## - CARRIER TYPE | |
| Source | rda carrier |
| Carrier type term | Online Resource |
| 490 ## - SERIES STATEMENT | |
| Series statement | SCIENCES CRIMINELLES, N 1 |
| 500 ## - GENERAL NOTE | |
| General note | TRAVAUX ET RECHERCHES DE LA FACULTÉ DE DROIT ET DES SCIENCES ÉCONOMIQUES. |
| 504 ## - BIBLIOGRAPHY, ETC. NOTE | |
| Bibliography, etc. note | Comprend des références bibliographiques. |
| 546 ## - LANGUAGE NOTE | |
| Language note | Texte en français |
| 650 1# - SUBJECT ADDED ENTRY--TOPICAL TERM | |
| Topical term or geographic name entry element | Droit Pénal |
| 700 1# - ADDED ENTRY--PERSONAL NAME | |
| Personal name | Vouin, Robert |
| Relator term | Préfacier |
| 856 40 - ELECTRONIC LOCATION AND ACCESS | |
| Uniform Resource Identifier | <a href="https://fll.law.cu.edu.eg/fulltext/bks/B10-00851.pdf">https://fll.law.cu.edu.eg/fulltext/bks/B10-00851.pdf</a> |
| 905 ## - Cataloger and Reviser Names | |
| Cataloger Name: | Habiba Ismail |
| Revisor Name: | Hassnaa |
| 942 ## - ADDED ENTRY ELEMENTS (KOHA) | |
| Source of classification or shelving scheme | Dewey Decimal Classification |
| Koha item type | Books |
| Edition | 21 |
| Suppress in OPAC | No |
| Withdrawn status | Lost status | Source of classification or shelving scheme | Damaged status | Not for loan | Collection | Home library | Current library | Date acquired | Total checkouts | Full call number | Barcode | Date last seen | Copy number | Price effective from | Koha item type |
|---|---|---|---|---|---|---|---|---|---|---|---|---|---|---|---|
| Dewey Decimal Classification | Not for loan | القانون الجنائي | جــــامعة القــاهرة | مكتبة كلية الحقوق - المبنى الرئيسي | 30.11.2025 | Law1 10 343.1 BR . A 1967 1000851 C1 | B10-00851 | 30.11.2025 | 1 | 30.11.2025 | Books |